00802cam a22002651 4500001001300000003000400013005001700017008004100034010001700075035001900092040001800111041001100129042001200140050002100152082000800173110003800181245006600219250007700285260002300362300001800385650002800403650004400431650004400475999001700519map47000384 DLC20260227111555.0760330s1942 dcu f000 0 eng  amap47000384  a(OCoLC)2078796 aDLCcGATdDLC0 aengfre apremarc00aG108.F7bU5 1942 a9121 aUnited States.bArmy Map Service.00aGlossary of French terms commonly appearing on maps & charts. aProvisional ed.bPrepared under the direction of the Chief of Engineers. aWashington,c1942. a91 p.c20 cm. 0aGeographyvTerminology. 0aFrench languagevDictionariesxEnglish. 0aEnglish languagevDictionariesxFrench. c37787d37787